Welcome to CU Library Online Public Access Catalogue (OPAC)

National and regional tourism planning : (Record no. 5442)

MARC details
000 -LEADER
fixed length control field 00661cam a2200217 a 4500
001 - CONTROL NUMBER
control field 3944417
005 - DATE AND TIME OF LATEST TRANSACTION
control field 20250412152550.0
008 - FIXED-LENGTH DATA ELEMENTS--GENERAL INFORMATION
fixed length control field 931124s1994 enkab b 001 0 eng
020 ## - INTERNATIONAL STANDARD BOOK NUMBER
International Standard Book Number 0415109892
020 ## - INTERNATIONAL STANDARD BOOK NUMBER
International Standard Book Number 0415109906 (pbk.)
020 ## - INTERNATIONAL STANDARD BOOK NUMBER
International Standard Book Number 9780415109901
050 00 - LIBRARY OF CONGRESS CALL NUMBER
Classification number G155.A1
Item number I467 1994
082 00 - DEWEY DECIMAL CLASSIFICATION NUMBER
Classification number 338.4/791
Edition information 20
245 00 - TITLE STATEMENT
Title National and regional tourism planning :
Remainder of title methodologies and case studies.
260 ## - PUBLICATION, DISTRIBUTION, ETC.
Place of publication, distribution, etc. London ;
-- New York :
Name of publisher, distributor, etc. Routledge,
Date of publication, distribution, etc. 1994.
300 ## - PHYSICAL DESCRIPTION
Extent ix, 249 p. :
Other physical details ill., maps ;
Dimensions 24 cm.
440 #2 - SERIES STATEMENT/ADDED ENTRY--TITLE
Title A World Tourism Organization publication
650 #0 - SUBJECT ADDED ENTRY--TOPICAL TERM
Topical term or geographic name entry element Tourism
General subdivision Planning.
710 2# - ADDED ENTRY--CORPORATE NAME
Corporate name or jurisdiction name as entry element Routledge (Firm)
942 ## - ADDED ENTRY ELEMENTS (KOHA)
Source of classification or shelving scheme Library of Congress Classification
Koha item type Books
Suppress in OPAC No
999 ## -
-- 5442
-- 5442
Holdings
Withdrawn status Lost status Source of classification or shelving scheme Damaged status Not for loan Collection Home library Current library Shelving location Date acquired Total checkouts Full call number Barcode Date last seen Copy number Price effective from Koha item type
    Library of Congress Classification     Non-fiction Business Library (Miotso) Business Library (Miotso) General stacks 04/12/2025   G155.A1 I467 1994 BSSM00001809 04/12/2025 1 04/12/2025 Books
    Library of Congress Classification     Non-fiction Undergraduate Library (Christ Temple) Undergraduate Library (Christ Temple) General stacks 05/26/2025   G155 NAT ulct00002668 05/26/2025 1 05/26/2025 Books
© 2023-2024 Copyright: Central University Libraries. All Rights Reserved | Created by: Mahone Tech Office